000
00279nam a22001217a 4500
008
180803b xxu||||| |||| 00| 0 eng d
082
_a
813.52
245
_a
Nursing Assistant Skills
_c
Sorrentino
260
_c
2006
300
_a
1
_f
DVD
440
_x
9996012360
942
_2
ddc
_c
MX
999
_c
46767
_d
46767